000 01179cam a22002891i 4500
003 SA-RiAUC
005 20241030072118.0
008 241029s2005 su g 0100p ara c
020 _a9960466949
040 _aSA-DmIAFU
_bara
_cSA-RiAUC
_erda
050 4 _b.B35 2005
082 0 4 _a811.9
_qSA-RiAUC
090 _a811.9
_bب ا خ
100 1 _aباخطمة، محمد صالح
_eمؤلف.
245 1 2 _aالأعمال الشعرية الكاملة للأديب الأستاذ محمد صالح باخطمة.
250 _aالطبعة الأولى.
264 1 _aجدة، السعودية :
_bعبد المقصود محمد سعيد خوجة،
_c2005
300 _a175 صفحة ؛
_c24 سم.
336 _aنص
_btxt
_2rdacontent
_3كتاب
337 _aبدون وسيط
_bn
_2rdamedia
338 _aمجلد
_bnc
_2rdacarrier
490 0 _aكتاب الإثنينية ؛
_v27
500 _aصدرة هذه الاعمال بمناسبة مكة المكرمة عاصمة الثقافة الاسلامية
650 7 _aالشعر العربي
_zالسعودية
_yقرن 15 هجري.
_2aucsh
942 _2ddc
_cBOOK
_n0
949 _aSA-JeALM
_d241029
_ukhaled123
_n1
999 _c1892
_d1892